01400cam a22003254i 4500003000900000005001700009008004100026020003100067035002700098040003300125041001800158082001900176100003800195245007400233264005000307300005500357336002100412337002500433338002300458504004200481504003400523505043800557526000900995526000901004526000801013526000801021526000801029526000801037650002901045PE-LiUPU20250731175616.0150826s2008 miua rb 001 0 eng d a9780310290834q(softcover) a(Sirsi) i9780310290834 aPE-LiUPUbspadPE-LiUPUerda1 aengagrchgrc04a487.4bC222221 aCampbell, Constantine R.,eautor.10aBasics of verbal aspect in biblical Greek /cConstantine R. Campbell. 1aGrand Rapids, Michigan :bZondervan,c[2008]. a159 páginas :bilustraciones ;c24 centímetros atext2rdacontent aunmediated2rdamedia avolume2rdacarrier aIncluye referencias bibliográficas. aÍndice : páginas 155-159.0 aIntroduction: Verbal aspect and exegesis -- Verbal aspect theory -- What is verbal aspect? -- The history of verbal aspect -- Perfective aspect -- Imperfective aspect -- The problem of the perfect -- Verbal aspect and New Testament text -- Verbal lexeme basics -- Present and imperfect tense-forms -- Aorist and future tense-forms -- Perfect and pluperfect tense-forms -- More participles -- A concluding postscript : space and time. aP145 aP127 aP97 aP35 aP14 aP07 0aGriego bíblicoxVerbo.